Wszystkie piosenki - 2115 - Statystyki

Ogólne statystyki
  • Ten quiz został rozwiązany 131 razy
    123 od ostatniego zresetowania
  • Średni wynik to 20 z 36
Statystyki odpowiedzi
Hint Odpowiedź % Poprawnych
RODZINNY BIZNES KETCHUP
76%
RODZINNY BIZNES RODZINNY BIZNES
75%
RODZINNY BIZNES BEDOESIARA
70%
RODZINNY BIZNES DRESSCODE (feat. Taco Hemingway)
70%
RODZINNY BIZNES GLOW UP (feat. WERSOW)
70%
RODZINNY BIZNES 2115
69%
RODZINNY BIZNES TURYSTA
69%
RODZINNY BIZNES DIAMENTY (feat. Doda)
68%
RODZINNY BIZNES WIĘCEJ DYMU
64%
RODZINNY BIZNES BRUCE
63%
RODZINNY BIZNES WHITE 2115 SKIT
62%
RODZINNY BIZNES BEDOES 2115 SKIT
60%
RODZINNY BIZNES BLACHA 2115 SKIT
60%
RODZINNY BIZNES NA KRAŃCU ŚWIATA
60%
RODZINNY BIZNES KUQE 2115 SKIT
59%
RODZINNY BIZNES FLEXXY 2115 SKIT
57%
RODZINNY BIZNES WEEKEND 2115
57%
RODZINNY BIZNES GUGU x 2115 (feat. Chivas & Szpaku)
56%
RODZINNY BIZNES I'M A STAR NOW (feat. Pressa)
56%
RODZINNY BIZNES ONZ (feat. Alberto & Josef Bratan)
56%
RODZINNY BIZNES OUTRO
56%
RODZINNY BIZNES ROTTWEILER (feat. Kaz Bałagane)
54%
RODZINNY BIZNES NINJA
52%
RODZINNY BIZNES WALIZKI
51%
RODZINNY BIZNES CATALINA (feat. Pezet)
49%
RODZINNY BIZNES FAŁSZYWI PROROCY
49%
RODZINNY BIZNES JAGIEŁŁO
48%
RODZINNY BIZNES MOJE BIAŁASY
47%
RODZINNY BIZNES NIE MA SPRAWY (feat. Fekir, Fryta, Palar & Smxkey Nunno)
47%
RODZINNY BIZNES TO DLA CIEBIE (feat. Koldi, Pablo Novacci & Spons)
47%
RODZINNY BIZNES WYGLĄDAM PODEJRZANIE
47%
RODZINNY BIZNES AIRPLANES
46%
RODZINNY BIZNES STROBO (feat. Mr. Polska)
45%
RODZINNY BIZNES KAFA LEYLA
43%
RODZINNY BIZNES TERAZ ALBO NIGDY (feat. Young Multi)
39%
RODZINNY BIZNES ADELE SKIT
37%
Nie znaleziono quizów pasujących do podanych kryteriów
Rozkład punktacji
Procent ludzi z każdym wynikiem
Percentyl według liczby udzielonych odpowiedzi
Twoja historia wyników
Nie rozwiązałeś tego quizu od ostatniego zresetowania